[Event "38. MIEDZYNARODOWY MEMORIAL LUDWIKA ZAMENHOFA 2019 - open B"]
[Site "Bialystok"]
[Date "1899-12-30"]
[Round "5.8"]
[White "Pytel, Maciej"]
[Black "Szczotka, Klara"]
[Result "0-1"]
[WhiteTitle "k"]
[BlackTitle "I++"]
[WhiteElo "1942"]
[BlackElo "1781"]

1. e4 c5 2. Nf3 e6 3. b3 b6 4. Bb2 Bb7 5. Qe2 Nc6 6. g3 Nb4 7. d3 Nf6 8. a3 Nc6
9. Bg2 Be7 10. e5 Nd5 11. O-O O-O 12. Nbd2 d6 13. d4 cxd4 14. Nxd4 Nxd4 15. Bxd4
dxe5 16. Bxe5 Qc8 17. Ne4 f6 18. Bd6 Ba6 19. c4 Bxd6 20. Nxd6 Qd7 21. Ne4 Rad8
22. Qc2 Nc7 23. Rfd1 Qe7 24. a4 Rxd1+ 25. Rxd1 Rd8 26. Rd2 e5 27. Nc3 Bc8 28.
Qd1 Rxd2 29. Qxd2 Qd7 30. Bd5+ Nxd5 31. Qxd5+ Qxd5 32. Nxd5 Bb7 33. Nc3 Bc6 34.
Kf1 Kf7 35. Ke2 Ke6 36. Ke3 h5 37. Ne2 g5 38. f4 Kf5 39. fxe5 fxe5 40. Nc3 Kg4
41. Kf2 Kh3 42. Kg1 Kg4 43. Kf2 Kh3 44. Nd5 Kxh2 45. Nf6 Kh3 46. Nxh5 Kg4 47.
Nf6+ Kf5 48. Ng8 Ke6 49. Ke3 Be8 50. Nh6 Bh5 51. b4 a5 52. bxa5 bxa5 53. Kd2 Be8
54. Ng4 Bxa4 55. Ne3 e4 56. Kc3 Bc6 57. Kd4 a4 58. Nc2 Bb7 59. g4 Kd6 60. Na3
Bc6 61. Nc2 Bd7 62. Kxe4 Bxg4 63. Kd4 Bd1 64. Ne3 Bb3 65. c5+ Kc6 66. Ng4 a3 67.
Ne5+ Kb5 68. Kc3 Bd5 69. Ng4 Kxc5 70. Ne3 Be6 71. Nf1 g4 72. Nd2 Bd5 73. Nf1 Bc4
74. Nd2 Bd5 75. Nf1 Be6 76. Ng3 Kd6 77. Nf1 Ke5 0-1

[Event "38. MIEDZYNARODOWY MEMORIAL LUDWIKA ZAMENHOFA 2019 - open B"]
[Site "Bialystok"]
[Date "1899-12-30"]
[Round "5.9"]
[White "Kotarski, Bartosz"]
[Black "Baryschyk, Sergey"]
[Result "0-1"]
[WhiteTitle "I+"]
[BlackTitle "I"]
[WhiteElo "1696"]
[BlackElo "1866"]

1. e4 c5 2. Nf3 e6 3. d4 cxd4 4. Nxd4 Nf6 5. Nc3 Nc6 6. Be3 Bb4 7. f3 d5 8. Nxc6
bxc6 9. e5 Nd7 10. f4 O-O 11. Bd3 c5 12. Bd2 f6 13. Qh5 f5 14. O-O Bb7 15. Be1
a6 16. Nd1 c4 17. Bxb4 Qb6+ 18. Nf2 Qxb4 19. c3 Qb6 20. Bc2 Qxb2 21. Rab1 Qxc2
22. Rxb7 Qa4 23. Nh3 Qc6 24. Rfb1 Rab8 25. Rxb8 Nxb8 26. Ng5 h6 27. Nf3 Qc5+ 28.
Kh1 Nc6 29. Qg6 Qe7 30. Rb6 Rc8 31. h4 d4 32. cxd4 c3 33. Ng1 c2 34. Ne2 Nxd4
35. Nc1 Qxh4+ 36. Kg1 Qe1+ 37. Kh2 Qxc1 38. Rb7 Qxf4+ 39. Kh3 Qg4+ 0-1

[Event "38. MIEDZYNARODOWY MEMORIAL LUDWIKA ZAMENHOFA 2019 - open B"]
[Site "Bialystok"]
[Date "1899-12-30"]
[Round "5.10"]
[White "Backiel, Hubert"]
[Black "Strepikowski, Pawel"]
[Result "0-1"]
[WhiteTitle "I"]
[BlackTitle "I"]
[WhiteElo "1860"]
[BlackElo "1685"]

1. e4 c5 2. Nf3 d6 3. Nc3 Nc6 4. g3 Nf6 5. Bg2 g6 6. d4 cxd4 7. Nxd4 Bg7 8. Nde2
a6 9. O-O O-O 10. h3 Rb8 11. a4 Qc7 12. Be3 Na5 13. Bd4 b5 14. axb5 axb5 15. Nf4
e6 16. Bxf6 Bxf6 17. Nfd5 exd5 18. Nxd5 Qd8 19. Nxf6+ Qxf6 20. Rxa5 Qxb2 21. Qxd6
Be6 22. f4 Rfd8 23. Qe7 Bc4 24. Ra7 Rd2 25. f5 Rxc2 26. Bf3 Qd4+ 0-1

[Event "38. MIEDZYNARODOWY MEMORIAL LUDWIKA ZAMENHOFA 2019 - open B"]
[Site "Bialystok"]
[Date "1899-12-30"]
[Round "5.11"]
[White "Mocny, Tomasz"]
[Black "Perminaite, Guoda"]
[Result "1-0"]
[WhiteTitle "I"]
[BlackTitle "I"]
[WhiteElo "1779"]
[BlackElo "1843"]

1. Nf3 d5 2. d4 e6 3. c4 Nf6 4. Bf4 Be7 5. g3 O-O 6. Bg2 dxc4 7. Qa4 Bd7 8. Qxc4
Bc6 9. Nc3 Nbd7 10. O-O a6 11. Rac1 Nb6 12. Qb3 Bd6 13. Bg5 h6 14. Bd2 Rb8 15.
Qc2 Bxf3 16. Bxf3 Nc4 17. Be1 c6 18. Ne4 Nxe4 19. Qxc4 Nf6 20. e4 Be7 21. Bg2
Qb6 22. Bc3 Rfd8 23. f4 Rbc8 24. Kh1 a5 25. f5 exf5 26. Rxf5 Bb4 27. Rcf1 Rc7
28. g4 Rdd7 29. g5 hxg5 30. Rxg5 Nh7 31. Rh5 c5 32. d5 Bxc3 33. Qxc3 Qg6 34. Qh3
f6 35. Rg1 Rd6 36. Bf3 Ng5 37. Rh8+ Kf7 38. Bh5 Nxh3 39. Bxg6+ Ke7 40. Rxh3 Rb6
41. b3 Kd6 42. Rc3 Rb4 43. Rgc1 Rd4 44. a4 b6 45. Rf1 Rc8 46. Rf2 Rh8 47. Kg2
Rd1 48. Rg3 Re1 49. Bf5 g5 50. Bg6 Ke7 51. Rgf3 Rf8 52. Rh3 Kd6 53. Rh7 Re3 54.
Rf3 Re2+ 55. Kg3 Ke5 56. Rb7 g4 57. Rf5+ Kd4 58. Rxb6 Rh8 59. Rh5 Rxh5 60. Bxh5
Rxe4 61. d6 Ke5 62. Bxg4 Rd4 63. Bf3 f5 64. h4 Ke6 65. h5 c4 66. bxc4 Rxc4 67.
Bc6 Rg4+ 68. Kh3 Rg8 69. Bb5 Rh8 70. d7+ Ke7 71. Kh4 f4 72. Rc6 Rf8 73. Rc8 1-0

[Event "38. MIEDZYNARODOWY MEMORIAL LUDWIKA ZAMENHOFA 2019 - open B"]
[Site "Bialystok"]
[Date "1899-12-30"]
[Round "6.1"]
[White "Bartoszewicz, Marcin"]
[Black "Kiolbasa, Damian"]
[Result "1/2-1/2"]
[WhiteTitle "I++"]
[BlackTitle "II+"]
[WhiteElo "1918"]
[BlackElo "1946"]

1. e4 d5 2. exd5 Qxd5 3. Nc3 Qd6 4. Nf3 Nf6 5. d4 a6 6. Bd3 Bg4 7. Ne4 Nxe4 8.
Bxe4 Nc6 9. c3 f5 10. Bxc6+ Qxc6 11. d5 Qd6 12. Qd4 Bxf3 13. gxf3 Rd8 14. Bf4
Qxd5 15. Qxd5 Rxd5 16. Bxc7 Kd7 17. Bb6 e5 18. f4 Kc6 19. Be3 e4 20. Rg1 g6 21.
Rd1 Rxd1+ 22. Kxd1 Be7 23. Ke2 Rd8 24. Bd4 Bd6 25. Ke3 Bc5 26. Rc1 Rd6 27. Rc2
Bxd4+ 28. cxd4+ Kd7 29. b3 Rc6 30. Rc4 Kd6 31. f3 exf3 32. Kxf3 Kd5 33. Rxc6 Kxc6
34. h4 b5 35. Ke3 h6 36. Kd3 Kd6 37. Ke3 Ke6 38. Kf3 a5 39. Ke3 Kd6 1/2-1/2

[Event "38. MIEDZYNARODOWY MEMORIAL LUDWIKA ZAMENHOFA 2019 - open B"]
[Site "Bialystok"]
[Date "1899-12-30"]
[Round "6.2"]
[White "Laskowski, Filip"]
[Black "Ocytko, Andrzej"]
[Result "1/2-1/2"]
[WhiteTitle "I+"]
[BlackTitle "k"]
[WhiteElo "1908"]
[BlackElo "1999"]

1. c4 c5 2. g3 Nc6 3. Bg2 g6 4. Nc3 Bg7 5. Nf3 e5 6. O-O Nge7 7. a3 d6 8. b4 Rb8
9. Rb1 O-O 10. d3 h6 11. Ne1 Be6 12. Nc2 cxb4 13. Nxb4 Nxb4 14. Rxb4 d5 15. cxd5
Nxd5 16. Nxd5 Bxd5 17. Be3 b6 18. Qa4 Bxg2 19. Kxg2 Qd5+ 20. f3 Qb7 21. Rc1 Rfc8
22. Rbc4 Rxc4 23. Qxc4 b5 24. Qc5 a5 25. Rb1 a4 26. Kf2 Qd7 27. Kg2 Qe8 28. Bd2
Bf8 29. Qc1 Kh7 1/2-1/2

[Event "38. MIEDZYNARODOWY MEMORIAL LUDWIKA ZAMENHOFA 2019 - open B"]
[Site "Bialystok"]
[Date "1899-12-30"]
[Round "6.3"]
[White "Norman, Kseniya"]
[Black "Zeliantsova, Kseniya"]
[Result "0-1"]
[WhiteTitle "I"]
[BlackTitle "k"]
[WhiteElo "1730"]
[BlackElo "1993"]

1. e4 c5 2. Nc3 e6 3. f4 Nc6 4. Nf3 Nge7 5. g3 g6 6. Bg2 Bg7 7. e5 d6 8. exd6 Qxd6
9. Ne4 Qc7 10. O-O O-O 11. Rb1 b6 12. d3 Bb7 13. Bd2 Nf5 14. g4 Nfd4 15. c3 Nxf3+
16. Qxf3 f5 17. Ng5 Rae8 18. Rbe1 Nd8 19. Qh3 Bf6 20. Bxb7 Qxb7 21. Nf3 Nf7 22.
Qg3 Qd5 23. Re3 fxg4 24. Ne5 Nxe5 25. fxe5 Bg5 26. Rxf8+ Rxf8 27. Re2 Rf3 28.
Qxg4 Qxd3 29. Qg2 Bxd2 0-1

[Event "38. MIEDZYNARODOWY MEMORIAL LUDWIKA ZAMENHOFA 2019 - open B"]
[Site "Bialystok"]
[Date "1899-12-30"]
[Round "6.4"]
[White "Madrawski, Krzysztof"]
[Black "Kaminski, Maciej"]
[Result "1-0"]
[WhiteTitle "I++"]
[BlackTitle "I++"]
[WhiteElo "1993"]
[BlackElo "1804"]

1. Nf3 Nf6 2. c4 g6 3. b3 Bg7 4. Bb2 O-O 5. g3 c5 6. Bg2 Nc6 7. O-O d6 8. Nc3 Ne4
9. Qc1 Nxc3 10. Bxc3 e5 11. d3 Be6 12. h4 h6 13. Rb1 Qd7 14. Kh2 d5 15. Bd2 dxc4
16. bxc4 Kh7 17. Rb5 b6 18. a4 f5 19. a5 e4 20. dxe4 fxe4 21. Ng1 Bxc4 22. Qxc4
Qxd2 23. axb6 axb6 24. Qxe4 Ne5 25. Rxb6 Rae8 26. Kh1 Qd4 27. f4 Qxe4 28. Bxe4
Rc8 29. Rd1 Ng4 30. Bxg6+ Kh8 31. Rd7 c4 32. Rbb7 Rg8 33. Rdc7 c3 34. Bf5 Rxc7
35. Rxc7 Ne3 36. Bd3 Nf1 37. g4 Rd8 38. Kg2 Ne3+ 39. Kf3 Nd5 40. Rc4 Nb6 41. Rc6
Bd4 42. e3 Bg7 43. Rxb6 Rxd3 44. Ne2 Rd2 45. Rc6 c2 46. Nd4 Bxd4 47. exd4 Kg7
48. d5 Kf7 49. g5 h5 50. Ke3 Rh2 51. f5 Rh3+ 52. Ke4 Rxh4+ 53. Ke5 Rg4 54. Rc7+
Ke8 55. Kf6 Rd4 56. Rxc2 Rxd5 57. g6 Rd1 58. Rc8+ Kd7 59. Rh8 Rh1 60. g7 1-0

[Event "38. MIEDZYNARODOWY MEMORIAL LUDWIKA ZAMENHOFA 2019 - open B"]
[Site "Bialystok"]
[Date "1899-12-30"]
[Round "6.5"]
[White "Strepikowski, Pawel"]
[Black "Ryszkiewicz, Adam"]
[Result "0-1"]
[WhiteTitle "I"]
[BlackTitle "I"]
[WhiteElo "1685"]
[BlackElo "1917"]

1. e4 e5 2. Nf3 Nf6 3. Nxe5 d6 4. Nf3 Nxe4 5. Qe2 Qe7 6. d3 Nf6 7. Be3 Nc6 8. Nc3
Be6 9. g3 O-O-O 10. Bg2 d5 11. Nd4 Nxd4 12. Bxd4 Qb4 13. Bxf6 gxf6 14. Rb1 d4
15. a3 Qa5 16. b4 Qxa3 17. Ne4 f5 18. Nc5 Bxc5 19. bxc5 Bd5 20. Bxd5 Rxd5 21.
O-O Qxc5 22. Qf3 c6 23. Rb2 Qd6 24. Rfb1 b6 25. Qh5 Qg6 26. Qh4 Re8 27. Ra2 Rd7
28. Qf4 Qe6 29. Rba1 Qd5 30. Ra6 Rde7 31. Qd2 Re2 32. Qc1 Qf3 33. Qf1 R8e7 34.
Rxa7 Rxa7 35. Rxa7 Rd2 36. Re7 Kd8 37. Re5 f6 38. Re1 Rxc2 39. Ra1 Rd2 40. Qe1
Qe2 41. Qxe2 Rxe2 42. Ra8+ Ke7 43. Ra7+ Ke6 44. Rxh7 Rd2 45. Rb7 b5 46. h4 Rxd3
47. Kf1 Ra3 48. Ke2 Kd5 49. h5 Kc4 50. Rb6 c5 51. Rxf6 b4 52. h6 Ra2+ 53. Kf3
Ra7 54. Rb6 d3 55. Ke3 Kc3 56. Rd6 c4 57. Rg6 Re7+ 58. Kf4 d2 59. Rg7 Re8 60.
h7 d1=Q 61. Rg8 Qh5 0-1

[Event "38. MIEDZYNARODOWY MEMORIAL LUDWIKA ZAMENHOFA 2019 - open B"]
[Site "Bialystok"]
[Date "1899-12-30"]
[Round "6.6"]
[White "Baryschyk, Sergey"]
[Black "Norov, Artem"]
[Result "1/2-1/2"]
[WhiteTitle "I"]
[BlackTitle "I"]
[WhiteElo "1866"]
[BlackElo "1871"]

1. Nf3 Nf6 2. g3 d5 3. Bg2 c5 4. O-O Nc6 5. d3 h6 6. Nc3 e5 7. e4 d4 8. Ne2 g5
9. Nd2 Rg8 10. a4 Bg4 11. Nc4 Be7 12. h3 Be6 13. g4 h5 14. f3 h4 15. b3 b6 16.
Bd2 Nd7 17. c3 f6 18. cxd4 cxd4 19. Qb1 a5 20. Rc1 Rc8 21. Rc2 Ndb8 22. Nc1 Na6
23. Na2 Kf7 24. Qb2 Bc5 25. Rac1 Bxc4 26. Rxc4 Qd6 27. Qc2 Nab4 28. Nxb4 Nxb4
29. Bxb4 axb4 30. Bf1 1/2-1/2

[Event "38. MIEDZYNARODOWY MEMORIAL LUDWIKA ZAMENHOFA 2019 - open B"]
[Site "Bialystok"]
[Date "1899-12-30"]
[Round "6.7"]
[White "Szczotka, Klara"]
[Black "Mocny, Tomasz"]
[Result "0-1"]
[WhiteTitle "I++"]
[BlackTitle "I"]
[WhiteElo "1781"]
[BlackElo "1779"]

1. e4 Nf6 2. e5 Nd5 3. c4 Nb6 4. d4 d6 5. f4 dxe5 6. fxe5 Nc6 7. Be3 Bf5 8. Nc3
e6 9. Nf3 Be7 10. Be2 Qd7 11. Qd2 O-O-O 12. O-O f6 13. exf6 Bxf6 14. Rad1 g6 15.
Kh1 Bg4 16. d5 exd5 17. Bxb6 axb6 18. Nxd5 Qg7 19. Qf4 Bxf3 20. Rxf3 Bxb2 21.
Rb3 Be5 22. Qe4 Rhe8 23. Ra3 Kb8 24. c5 Bb2 25. Nxb6 Bxa3 0-1

[Event "38. MIEDZYNARODOWY MEMORIAL LUDWIKA ZAMENHOFA 2019 - open B"]
[Site "Bialystok"]
[Date "1899-12-30"]
[Round "6.8"]
[White "Kot, Jerzy"]
[Black "Kozlowski, Pawel"]
[Result "0-1"]
[WhiteTitle "FM"]
[BlackTitle "I"]
[WhiteElo "1983"]
[BlackElo "1844"]

1. e4 g6 2. d4 Bg7 3. Nc3 d6 4. Bg5 h6 5. Be3 a6 6. Qd2 Nd7 7. O-O-O b5 8. Kb1
Bb7 9. f3 e6 10. Nh3 Nb6 11. Bd3 Ne7 12. g4 Qc8 13. Rhe1 c5 14. Qf2 c4 15. d5
Bxc3 16. Bxb6 Bxe1 17. Qxe1 cxd3 18. Rxd3 Qd7 19. dxe6 fxe6 20. Qd2 d5 21. Qc3
O-O 22. Qd2 Kh7 23. Be3 Rxf3 24. a3 Rxh3 0-1

[Event "38. MIEDZYNARODOWY MEMORIAL LUDWIKA ZAMENHOFA 2019 - open B"]
[Site "Bialystok"]
[Date "1899-12-30"]
[Round "6.9"]
[White "Paulauskas, Andrius"]
[Black "Pialesa, Siarhei"]
[Result "0-1"]
[WhiteTitle "I"]
[BlackTitle "k"]
[WhiteElo "1930"]
[BlackElo "1769"]

1. e4 e5 2. c3 Nf6 3. d3 d5 4. Nd2 c5 5. Ngf3 Nc6 6. exd5 Qxd5 7. Nc4 Be7 8. Bg5
Nd7 9. Bxe7 Nxe7 10. Ne3 Qe6 11. Be2 O-O 12. h4 Nf6 13. Ng5 Qb6 14. Qc2 Be6 15.
Nxe6 Qxe6 16. g4 Nfd5 17. Qb3 Nf4 18. Qxe6 Nxe6 19. Bf3 Rab8 20. Be4 b6 21. g5
Rbd8 22. O-O-O Nf4 23. Rd2 f5 24. gxf6 gxf6 25. Nf5 Nxf5 26. Bxf5 Kh8 27. Kc2
Rd6 28. Rg1 Rfd8 29. b3 Rg8 30. Rg3 Nh5 31. Rxg8+ Kxg8 32. Rd1 Ng7 33. Rg1 Kh8
34. Bh3 Nh5 35. a4 h6 36. Bg4 Nf4 37. Bf5 Rd8 38. Kd2 Rg8 39. Rg3 Rg7 40. Kc2
Nh5 41. Rxg7 Nxg7 42. Bd7 Kg8 43. b4 cxb4 44. cxb4 Kf7 45. Kc3 Ke7 46. Bh3 Ne8
47. Kc4 Kd6 48. Bg4 Nc7 49. Bf5 Nd5 50. Be4 Nc7 51. Bb7 Ne6 52. Bc8 Nd4 53. Bg4
f5 54. Bd1 Ne6 55. Bh5 Nf4 56. Bd1 Ng2 57. h5 Nf4 58. d4 e4 59. Kc3 Nh3 60. f3
e3 61. Be2 Ng1 62. Ba6 Nxf3 63. Kd3 f4 64. Ke4 Ng1 65. Kxf4 e2 66. Bxe2 Nxe2+
67. Kf5 Ng3+ 68. Kg6 Kd5 69. Kxh6 Kxd4 70. Kg5 Nxh5 71. Kxh5 Kc4 72. a5 b5 0-1

[Event "38. MIEDZYNARODOWY MEMORIAL LUDWIKA ZAMENHOFA 2019 - open B"]
[Site "Bialystok"]
[Date "1899-12-30"]
[Round "6.10"]
[White "Warcaba, Jakub"]
[Black "Jeda, Maciej"]
[Result "1/2-1/2"]
[WhiteTitle "I"]
[BlackTitle "I"]
[WhiteElo "1694"]
[BlackElo "1865"]

1. e4 c5 2. Nf3 d6 3. d4 cxd4 4. Nxd4 Nf6 5. Nc3 g6 6. Be3 Bg7 7. f3 O-O 8. Qd2
Nc6 9. Bc4 Bd7 10. O-O-O Rc8 11. Bb3 Ne5 12. h4 h5 13. Kb1 Nc4 14. Bxc4 Rxc4 15.
Nce2 b5 16. Bh6 a5 17. g4 e5 18. Bxg7 Kxg7 19. Nf5+ Bxf5 20. gxf5 Ne8 21. Rhg1
b4 22. Rg5 Kh7 23. Rdg1 Rg8 24. Qd5 Rc7 25. fxg6+ Rxg6 26. Rxh5+ Kg7 27. Rxg6+
fxg6 28. Rg5 Qf6 29. Qd3 Rf7 30. Ng1 Qf4 31. Rg4 Qh2 32. Ne2 1/2-1/2

[Event "38. MIEDZYNARODOWY MEMORIAL LUDWIKA ZAMENHOFA 2019 - open B"]
[Site "Bialystok"]
[Date "1899-12-30"]
[Round "6.11"]
[White "Ciszewski, Krzysztof"]
[Black "Bancarewicz, Aleks"]
[Result "1-0"]
[WhiteTitle "I"]
[BlackTitle "I+"]
[WhiteElo "1663"]
[BlackElo "1859"]

1. d4 Nf6 2. c4 g6 3. Nc3 Bg7 4. e4 d6 5. h3 O-O 6. Be3 c5 7. Nf3 cxd4 8. Nxd4
Nc6 9. Be2 Bd7 10. f3 Nh5 11. g4 Ng3 12. Rh2 Nxe2 13. Kxe2 Ne5 14. b3 a5 15. a4
Nc6 16. Qd2 Nb4 17. h4 Be5 18. Rhh1 e6 19. Rag1 d5 20. f4 Bg7 21. cxd5 exd5 22.
Nxd5 Nxd5 23. exd5 Be8 24. Nf3 b5 25. Bc5 bxa4 26. bxa4 Bxa4 27. Bxf8 Bxf8 28.
Rb1 Bb4 29. Qa2 1-0

[Event "38. MIEDZYNARODOWY MEMORIAL LUDWIKA ZAMENHOFA 2019 - open B"]
[Site "Bialystok"]
[Date "1899-12-30"]
[Round "7.1"]
[White "Zeliantsova, Kseniya"]
[Black "Kiolbasa, Damian"]
[Result "1-0"]
[WhiteTitle "k"]
[BlackTitle "II+"]
[WhiteElo "1993"]
[BlackElo "1946"]

1. e4 d5 2. exd5 Qxd5 3. Nc3 Qd6 4. Nf3 Nf6 5. d4 a6 6. Bd3 Nc6 7. Be3 Bg4 8. h3
Bh5 9. g4 Bg6 10. Qd2 Bxd3 11. Qxd3 Nb4 12. Qe2 Nbd5 13. Nxd5 Nxd5 14. O-O-O Nxe3
15. fxe3 g6 16. h4 Qe6 17. Kb1 Qxg4 18. Rhg1 Qc8 19. Qc4 Bg7 20. h5 Qe6 21. Qxc7
Bf6 22. hxg6 hxg6 23. Qxb7 O-O 24. Qb3 Qxb3 25. axb3 Rab8 26. Nd2 Bh4 27. Ne4
Kg7 28. Rdf1 Rb6 29. Nc5 Rh8 30. e4 g5 31. d5 Rc8 32. Nd3 f6 33. e5 Rb5 34. d6
fxe5 35. d7 Rd8 36. c4 e4 37. cxb5 exd3 38. bxa6 Rxd7 39. b4 Ra7 40. b5 e5 41.
Kc1 e4 42. Kd2 Kg6 43. Ke3 g4 44. Rxg4+ Kh5 45. Rxe4 1-0

[Event "38. MIEDZYNARODOWY MEMORIAL LUDWIKA ZAMENHOFA 2019 - open B"]
[Site "Bialystok"]
[Date "1899-12-30"]
[Round "7.2"]
[White "Ocytko, Andrzej"]
[Black "Bartoszewicz, Marcin"]
[Result "1/2-1/2"]
[WhiteTitle "k"]
[BlackTitle "I++"]
[WhiteElo "1999"]
[BlackElo "1918"]

1. e4 c5 2. Nf3 d6 3. Bb5+ Bd7 4. Bxd7+ Qxd7 5. c4 Qg4 6. Nc3 Qxg2 7. Rg1 Qh3 8.
Rg3 Qd7 9. d4 cxd4 10. Nxd4 g6 11. Be3 Bg7 12. Qd2 Nf6 13. f3 Nh5 14. Rg1 Nc6
15. O-O-O O-O 16. Kb1 Rab8 17. Qg2 Nf4 18. Qg3 Nxd4 19. Bxd4 Bxd4 20. Rxd4 e5
21. Rd2 Qe6 22. b3 Qe7 23. Rgd1 Rfd8 24. Nb5 a6 25. Nxd6 Ne2 26. Rxe2 Rxd6 27.
Rd5 f6 28. Red2 Rxd5 29. cxd5 Qd7 30. Qf2 Rc8 31. Qe2 Kf7 32. Rc2 Rxc2 33. Qxc2
g5 34. Qc5 h5 35. Kb2 g4 36. fxg4 hxg4 37. Qc1 Kg6 38. Qc5 Kf7 39. a4 Ke8 40.
Qf2 Kf7 41. Qb6 Ke7 42. Kc3 f5 43. exf5 Qxd5 44. Qg6 Qd4+ 45. Kc2 Qc5+ 1/2-1/2

[Event "38. MIEDZYNARODOWY MEMORIAL LUDWIKA ZAMENHOFA 2019 - open B"]
[Site "Bialystok"]
[Date "1899-12-30"]
[Round "7.3"]
[White "Ryszkiewicz, Adam"]
[Black "Madrawski, Krzysztof"]
[Result "1-0"]
[WhiteTitle "I"]
[BlackTitle "I++"]
[WhiteElo "1917"]
[BlackElo "1993"]

1. e4 e6 2. d4 d5 3. Nd2 Nf6 4. e5 Nfd7 5. f4 c5 6. c3 Nc6 7. Ndf3 cxd4 8. cxd4
Bb4+ 9. Kf2 f6 10. g3 O-O 11. Kg2 Nb6 12. Bd3 Be7 13. Bb1 Bd7 14. g4 Be8 15. h4
Rc8 16. Ne2 h5 17. exf6 gxf6 18. g5 f5 19. Ng3 Bg6 20. Re1 Kf7 21. Nxh5 Nc4 22.
Ng3 Rg8 23. h5 Bh7 24. Qe2 Qd7 25. Kf2 Nd6 26. Be3 Ne4+ 27. Bxe4 fxe4 28. g6+
Bxg6 29. hxg6+ Rxg6 30. Ng5+ Bxg5 31. fxg5 e5 32. dxe5 Nxe5 33. Kg2 Nf3 34. Rf1
Kg8 35. Rxf3 exf3+ 36. Qxf3 Rc2+ 37. Kg1 Re6 38. Rf1 Re8 39. Nh5 Rxe3 40. Qf8+
Kh7 41. Qh6+ Kg8 42. Rf8# 1-0

[Event "38. MIEDZYNARODOWY MEMORIAL LUDWIKA ZAMENHOFA 2019 - open B"]
[Site "Bialystok"]
[Date "1899-12-30"]
[Round "7.4"]
[White "Mocny, Tomasz"]
[Black "Laskowski, Filip"]
[Result "1/2-1/2"]
[WhiteTitle "I"]
[BlackTitle "I+"]
[WhiteElo "1779"]
[BlackElo "1908"]

1. f4 d5 2. Nf3 g6 3. g3 Bg7 4. Bg2 Nf6 5. O-O c5 6. d3 Nc6 7. Nbd2 d4 8. e4 dxe3
9. Nc4 Nd5 10. c3 Bf5 11. Nh4 e2 12. Qxe2 Nxc3 13. bxc3 Bxd3 14. Qb2 Bxf1 15.
Bxf1 O-O 16. Be3 Qd5 17. Rc1 Rfd8 18. Qxb7 e5 19. Nxe5 Bxe5 20. fxe5 Rab8 21.
Qc7 Rbc8 22. Qb7 Rb8 23. Qc7 Rbc8 24. Qb7 Rb8 25. Qc7 Rbc8 1/2-1/2

[Event "38. MIEDZYNARODOWY MEMORIAL LUDWIKA ZAMENHOFA 2019 - open B"]
[Site "Bialystok"]
[Date "1899-12-30"]
[Round "7.5"]
[White "Norov, Artem"]
[Black "Ciszewski, Krzysztof"]
[Result "1/2-1/2"]
[WhiteTitle "I"]
[BlackTitle "I"]
[WhiteElo "1871"]
[BlackElo "1663"]

1. d4 Nf6 2. c4 g6 3. Nc3 Bg7 4. Nf3 d6 5. h3 O-O 6. e4 c5 7. d5 Na6 8. Bd3 Nc7
9. O-O a6 10. a4 a5 11. Bf4 Re8 12. e5 Nh5 13. Bh2 dxe5 14. Nxe5 Bf6 15. Ne4 Na6
16. g4 Ng7 17. Qf3 h5 18. Nxf7 Kxf7 19. g5 Nf5 20. gxf6 exf6 21. Kh1 b6 22. Rae1
Nb4 23. Bb1 Ra7 1/2-1/2

[Event "38. MIEDZYNARODOWY MEMORIAL LUDWIKA ZAMENHOFA 2019 - open B"]
[Site "Bialystok"]
[Date "1899-12-30"]
[Round "7.6"]
[White "Pialesa, Siarhei"]
[Black "Baryschyk, Sergey"]
[Result "1/2-1/2"]
[WhiteTitle "k"]
[BlackTitle "I"]
[WhiteElo "1769"]
[BlackElo "1866"]

1. e4 c5 2. Nf3 e6 3. d4 cxd4 4. Nxd4 Nf6 5. Bd3 Nc6 6. Be3 d5 7. Nxc6 bxc6 8.
e5 Nd7 9. f4 c5 10. c4 d4 11. Bf2 Bb7 12. O-O Qc7 13. Bh4 h6 14. Nd2 g5 15. fxg5
hxg5 16. Bxg5 Qxe5 17. Bf4 Qg7 18. Be4 Bxe4 19. Nxe4 e5 20. Bg3 Qg6 21. Qf3 Rb8
22. Rae1 Be7 23. Re2 O-O 24. Qf5 Qxf5 25. Rxf5 f6 26. Be1 Kf7 27. g4 Ke6 28. b3
Bd8 29. Ng3 a5 30. Rf3 a4 1/2-1/2

[Event "38. MIEDZYNARODOWY MEMORIAL LUDWIKA ZAMENHOFA 2019 - open B"]
[Site "Bialystok"]
[Date "1899-12-30"]
[Round "7.7"]
[White "Kozlowski, Pawel"]
[Black "Norman, Kseniya"]
[Result "0-1"]
[WhiteTitle "I"]
[BlackTitle "I"]
[WhiteElo "1844"]
[BlackElo "1730"]

1. g3 e5 2. Bg2 Nc6 3. d3 f5 4. a3 a5 5. Nd2 Nf6 6. b3 Bc5 7. e3 O-O 8. Ne2 d6
9. Bb2 Qe8 10. O-O f4 11. exf4 Qh5 12. d4 exd4 13. Bxc6 bxc6 14. Nxd4 Ng4 15.
h4 Bxd4 16. Bxd4 c5 17. Qf3 Ba6 18. Bb2 Bxf1 19. Nxf1 Nf6 20. Qc3 Rf7 21. Re1
Qg6 22. Qf3 Raf8 23. Ne3 Re8 24. Bc3 Qh5 25. g4 Qxh4 26. Kg2 Qh6 27. Rh1 Qg6 28.
g5 Ne4 29. Bxa5 Nxg5 30. Qg4 Qe4+ 31. Kh2 Qxf4+ 32. Qxf4 Rxf4 33. Kg2 Ne4 34.
Rf1 c6 35. f3 Ng5 36. Kg3 Rf7 37. Nc4 Re6 38. Bd8 Ne4+ 39. Kh3 0-1

[Event "38. MIEDZYNARODOWY MEMORIAL LUDWIKA ZAMENHOFA 2019 - open B"]
[Site "Bialystok"]
[Date "1899-12-30"]
[Round "7.8"]
[White "Pytel, Maciej"]
[Black "Warcaba, Jakub"]
[Result "1-0"]
[WhiteTitle "k"]
[BlackTitle "I"]
[WhiteElo "1942"]
[BlackElo "1694"]

1. f4 Nf6 2. Nf3 g6 3. g3 Bg7 4. Bg2 O-O 5. O-O c5 6. d3 d5 7. Qe1 d4 8. Na3 Nc6
9. c3 Nd5 10. Bd2 h6 11. Nc2 Qb6 12. c4 Nc7 13. b4 Nxb4 14. Nxb4 cxb4 15. Bxb4
Na6 16. Bxe7 Re8 17. Ba3 Bf5 18. Qd2 Re3 19. Nh4 Bg4 20. Rae1 Rae8 21. Rf2 Bf8
22. Bxf8 Kxf8 23. Bf3 h5 24. Bxg4 hxg4 25. Ng2 Nc5 26. Qc1 Qa5 27. Nxe3 Rxe3 28.
Kf1 Qxa2 29. f5 gxf5 30. Rxf5 Nxd3 31. exd3 Qxh2 32. Qa3+ Kg8 33. Rxe3 dxe3 34.
Qe7 e2+ 35. Ke1 1-0

[Event "38. MIEDZYNARODOWY MEMORIAL LUDWIKA ZAMENHOFA 2019 - open B"]
[Site "Bialystok"]
[Date "1899-12-30"]
[Round "7.9"]
[White "Kaminski, Maciej"]
[Black "Widelski, Kacper"]
[Result "0-1"]
[WhiteTitle "I++"]
[BlackTitle "I+"]
[WhiteElo "1804"]
[BlackElo "1888"]

1. d4 d5 2. Bf4 c5 3. e3 Nc6 4. c3 Nf6 5. Nd2 Bf5 6. Ngf3 e6 7. Qb3 Qb6 8. Ne5
c4 9. Qxb6 axb6 10. a3 Nxe5 11. Bxe5 Nd7 12. e4 Bg6 13. exd5 exd5 14. Bg3 Be7
15. Be2 O-O 16. O-O f5 17. f3 f4 18. Bf2 Bf5 19. Rfe1 Bd6 20. Bf1 g5 21. g4 Bg6
22. Re6 Rf6 23. Rae1 Kf7 24. Rxf6+ Kxf6 25. h4 h6 26. h5 Bh7 27. Be2 b5 28. Bd1
Nb6 29. Nf1 Kf7 30. Re2 Na4 31. Bxa4 bxa4 32. Kg2 Ra5 33. Be1 Rb5 34. Kf2 Bd3
35. Rd2 Ke7 36. Nh2 Kd7 37. Nf1 Kc6 38. Nh2 Rb3 39. Nf1 b5 40. Nh2 Bxa3 41. bxa3
Rxa3 42. Rb2 Rb3 43. Ra2 a3 44. Ra1 Rb2+ 45. Kg1 a2 46. Nf1 Rb1 47. Rxa2 Rxe1
48. Ra6+ Kb7 49. Rxh6 Rxf1+ 50. Kg2 b4 51. cxb4 0-1

[Event "38. MIEDZYNARODOWY MEMORIAL LUDWIKA ZAMENHOFA 2019 - open B"]
[Site "Bialystok"]
[Date "1899-12-30"]
[Round "7.10"]
[White "Jeda, Maciej"]
[Black "Strepikowski, Pawel"]
[Result "1-0"]
[WhiteTitle "I"]
[BlackTitle "I"]
[WhiteElo "1865"]
[BlackElo "1685"]

1. e4 c5 2. Nf3 d6 3. d4 cxd4 4. Nxd4 Nf6 5. Nc3 a6 6. a4 e5 7. Nb3 Be7 8. Be2
Be6 9. O-O O-O 10. Be3 Nbd7 11. f4 exf4 12. Rxf4 Ne5 13. Nd4 Qc7 14. Nf5 Nc4 15.
Bxc4 Bxc4 16. e5 dxe5 17. Nxe7+ Qxe7 18. Rxc4 Rfd8 19. Qe2 b5 20. Rc6 b4 21. Nd1
Nd5 22. Nf2 f5 23. Nd3 f4 24. Bc5 Qe8 25. Rd6 e4 26. Nxb4 Rxd6 27. Bxd6 Nxb4 28.
Bxb4 Qg6 29. Qf2 f3 30. Kh1 Rb8 31. Ba3 fxg2+ 32. Qxg2 Qe6 33. Re1 e3 34. Bc5
Rxb2 35. Qa8+ Kf7 36. Qf8+ Kg6 37. Rg1+ Kh5 38. Qf3+ 1-0